000 00541nam a2200205Ia 4500
003 BUBTL
008 151213s9999 xx 000 0 und d
020 _a0421 53480 X
082 _a346 HAC
100 _aHarris, D.J.
_92065
245 _aCases and Materials on International Law /
_cD.J.Harris
250 _a5th ed.
260 _aLondon :
_bSweet & Maxwell Ltd.
_cc1998.
300 _alxxvii,1123 p. :
_c22 cm.
650 _aLaw
650 _aLaw
856 _k0
_l0
_yDownload
942 _2ddc
_cBK
999 _c3658
_d3658